header

Diamonds are forever, computers are not (Record no. 51179)

MARC details
000 -LEADER
fixed length control field 01202nam a2200301Ia 4500
082 04 - DEWEY DECIMAL CLASSIFICATION NUMBER
Classification number 004/.068
245 00 - TITLE STATEMENT
Title Diamonds are forever, computers are not
260 ## - PUBLICATION, DISTRIBUTION, ETC. (IMPRINT)
Place of publication River Edge, NJ :
Name of publisher World Scientific Pub.,
Year of publication 2004.
300 ## - PHYSICAL DESCRIPTION
Number of Pages xviii, 294 p.
500 ## - GENERAL NOTE
General note Includes index.
650 #0 - SUBJECT ADDED ENTRY--TOPICAL TERM
Topical Term Computer industry.
Topical Term Internet industry.
Topical Term Technological innovations
700 1# - ADDED ENTRY--PERSONAL NAME
Personal name Greenstein, Shane M.
856 40 - ELECTRONIC LOCATION AND ACCESS
Uniform Resource Identifier http://site.ebrary.com/lib/rucke/Doc?id=10088380

No items available.

© 2026 Rongo University
Contact us: librarian | system librarian | Rongo university